LEADER 01573nam a2200337 i 4500 001 000000145079 003 CaOOAMICUS 005 20051115000000.0 008 051115s1984 it u000 u ita u 013 $a120471 020 $a88-420-2474-0 040 $aSeMil$bita 100 1 $aClarke, Stephen V. O.$0(OLS)http://semarc/name/57871 240 10$aCentral Bank Cooperation: 1924-31.$0(OLS)http://semarc/title/212194 245 13$aLa collaborazione tra banche centrali dal 1924 al 1931 /$cStephen V. O. Clarke. 260 $aRoma ; Bari :$bLaterza & Figli,$cstampa 1984. 260 $aMilano :$bCARIPLO,$cstampa 1984. 300 $aXXVI, 262 p. :$btab. ;$c24 cm. 490 0 $aStudi di storia monetaria e finanziaria moderna ;$v1 500 $aFondo Card. C.M. Martini. 650 4$aBanche di emissione - Politica monetaria - 1924-1931.$0(OLS)http://semarc/subject/28388 650 4$aFinanza internazionale - 1924-1931.$0(OLS)http://semarc/subject/28389 830 0$aStudi di storia monetaria e finanziaria moderna ;$v1.$0(OLS)http://semarc/title/17082 850 $aSeMil 852 $aSeMil$W1$xVenegono$y1$m3M IV 14$j97902$B97902$CSeMilBibl$Z2$F105762 $81 941 1 $a4 961 $aOmaggio: Martini Card. Carlo Maria 996 $6020$a88-420-2474-0$9(OLS)http://semarc/number/133486 996 $6245$aLa collaborazione tra banche centrali dal 1924 al 1931$9(OLS)http://semarc/title/212193 996 $6260$aMilano :$bCARIPLO$9(OLS)http://semarc/publisher/29807 996 $6260$aRoma ; Bari :$bLaterza & Figli$9(OLS)http://semarc/publisher/29696 LEADER 01383nam a2200301 i 4500 001 000000119699 003 CaOOAMICUS 005 20090724000000.0 008 090724s2001 it u000 u ita u 013 $a92393 020 $a88-211-9435-3 040 $aSeMil$bita 245 10$aCatechisti della nuova evangelizzazione :$bil Papa vi dice: andate /$ca cura di Mauro Piacenza. 260 $aGenova :$bMarietti 1820,$c2001. 300 $a134 p. + allegato CD ;$c21 cm. 500 $aFondo Card. C.M. Martini. 650 4$aCatechisti - Magistero pontificio.$0(OLS)http://semarc/subject/22440 650 4$aNuova evangelizzazione - Catechisti.$0(OLS)http://semarc/subject/22441 700 1 $aSanta Sede : Sacra Congregazione per il Clero.$0(OLS)http://semarc/name/2439 700 1 $aPiacenza, Mauro,$c.$0(OLS)http://semarc/name/41497 774 0 $aNazzaro, Ferdinando$tSuspensis Alis [titolo del CD allegato].$w()304484 850 $aSeMil 852 $aSeMil$W1$xVenegono$y1$m2A III 112$j74906$B74906$CSeMilBibl$Z2$F100060 $81 941 1 $a4 961 $aOmaggio: Martini Card. Carlo Maria 996 $6020$a88-211-9435-3$9(OLS)http://semarc/number/104662 996 $6245$aCatechisti della nuova evangelizzazione :$bil Papa vi dice: andate$9(OLS)http://semarc/title/175981 996 $6260$aGenova :$bMarietti 1820$9(OLS)http://semarc/publisher/32400